000 00654nam a2200229 a 4500
001 000013719
005 20200929163325.0
008 091127s1996 sp 000 j spa d
020 _a8420646970
040 _aDO-SdBNP
_bspa
_cBNPHU
082 _a863.6
_bD564c
100 1 _aDieste, Rafael,
_d1899-1981
_931162
245 1 0 _aCamino de Santiago y otros relatos /
_cRafael Dieste.
260 _aMadrid :
_bAlianza,
_c1996.
300 _a63 p. ;
_c15 cm.
490 1 _aAlianza cien
_v97
650 4 _aCuentos espaƱoles
_93194
650 4 _aLiteratura espaƱola
_ySIGLO XX
_93326
830 0 _aAlianza cien ;
_v97
_912832
910 _aWM
049 _aBNGR
999 _c13332
_d13332